A Comprehensive Anthology of American Poetry /

Uloženo v:
Podrobná bibliografie
Hlavní autor: Aiken, Conrad Potter (ed.)
Médium: Kniha
Jazyk:angličtina
Vydáno: Nueva York, EUA : Modern Library, 1944, c1944
Edice:(The Modern Library of the World's Best Books) [s.n.]
Témata:
Tagy: Přidat tag
Žádné tagy, Buďte první, kdo vytvoří štítek k tomuto záznamu!

MARC

LEADER 00000nam^a2200000^a^4500
001 000345163
005 20250521000000.0
009 20260310114710.861
037 |a Acervo ITESO - Biblioteca 
041 |a ING 
082 |a 811.  |b AIK 
100 |a Aiken, Conrad Potter  |e (ed.) 
245 1 2 |a A Comprehensive Anthology of American Poetry /  |c Ed. e introd. de C.P. Aiken. 
264 4 |a Nueva York, EUA :  |b Modern Library,  |c 1944, c1944 
300 |a XXII, 490 p. 
336 |a texto  |b txt  |2 rdacontenido 
337 |a sin mediación  |b n  |2 rdamedio 
338 |a volumen  |b nc  |2 rdasoporte 
440 5 |a (The Modern Library of the World's Best Books) [s.n.] 
649 |a XX 
650 |a Poesía Norteamericana 
650 |a Literatura Norteamericana 
910 |a Fondo General 
920 |a Impresos - Libros 
930 |a Colección General 
940 |a Literatura 
905 |a 101 
901 |a 0500235704  |b IT1  |c LIT  |i D63789  |u 20250521 
902 |a https://opac.biblio.iteso.mx/vufind/Record/000345163